| 000 | 00709nam a2200217 i 4500 | ||
|---|---|---|---|
| 001 | bg | ||
| 100 | 1 | _aWAWRZEŃCZYK, Jerzy | |
| 245 | 1 | 0 |
_aDiagnostyka mrozoodporności betonu cementowego / _cJerzy Wawrzeńczyk. |
| 260 |
_aKielce : _bWydaw. PŚ, _c2002. |
||
| 300 |
_a154, [1] s. : _bil. ; _c24 cm. |
||
| 490 | 1 |
_aMonografie, Studia, Rozprawy / [Politechnika Świętokrzyska], _x0239-4979 ; _v32 |
|
| 500 | _aStreszcz. ang. | ||
| 504 | _aBibliogr. | ||
| 650 | 9 |
_aBeton cementowy _xbadanie |
|
| 830 | 0 |
_aMonografie, Studia, Rozprawy ([Politechnika Świętokrzyska]) ; _v32 |
|
| 040 | _cBPK | ||
| 041 | 0 |
_apl _ben |
|
| 080 | _a666.97/.98:620.1 | ||
| 942 | _cKS | ||
| 008 | s pl f |000 0 pol | ||
| 999 |
_c42134 _d42134 |
||
| 856 |
_uhttp://koha.tu.koszalin.pl/cgi-bin/koha/opac-detail.pl?biblionumber=42134 _yKatalog online BPK |
||